LEADER 01106nam a2200253 i 4500 001 000000144872 003 CaOOAMICUS 005 20051110000000.0 008 051110s1948 it u000 u ita u 013 $a120237 040 $aSeMil$bita 100 1 $aLeoncio Silva, Carlos : da.$0(OLS)http://semarc/name/6879 245 12$aL'educando. 260 $aTorino [etc.] :$bSocietà Editrice Internazionale,$c1948. 300 $aXX, 636 p. 490 0 $aCollana pedagogica D. Bosco. Ser. 1 ;$v11. 500 $aContiene : Bibliografia. 650 4$aPedagogia - Studi.$0(OLS)http://semarc/subject/1964 773 0 $aLeoncio Silva, Carlos : da$tPedagogia speciale pratica.$dTorino ; Milano [etc.] : Società Editrice Internazionale, 1948.$g1$w()14676 830 0$aCollana pedagogica D. Bosco. Ser. 1 ;$v11.$0(OLS)http://semarc/title/21672 850 $aSeMil 852 $aSeMil$W1$xVenegono$y1$m2R V 83$j97702$B97702$CSeMilBibl$Z2$F105568 $81 996 $6245$aL'educando$9(OLS)http://semarc/title/211844 996 $6260$aTorino [etc.] :$bSocietà Editrice Internazionale$9(OLS)http://semarc/publisher/31170 LEADER 01183nam a2200265 i 4500 001 000000216749 003 CaOOAMICUS 005 20130506000000.0 008 130506s1989 it u000 u ita u 013 $a195644 020 $a88-402-0316-8 040 $aSeMil$bita 100 1 $aGheddo, Piero .$0(OLS)http://semarc/name/89501 245 13$aIl Vangelo delle 7.18 :$bavventure di un missionario alla radio /$cPiero Gheddo ; prefazione di Giorgio Torelli e Leda Zaccagnini. 260 $aNovara :$bDe Agostini,$c1989. 300 $a214 p. ;$c20 cm. 650 4$aReligione - Radiotrasmissioni.$0(OLS)http://semarc/subject/24290 700 1 $aZaccagnini, Leda.$0(OLS)http://semarc/name/46981 700 1 $aTorelli, Giorgio,$d<1928-2023>.$0(OLS)http://semarc/name/5080 850 $aSeMil 852 $aSeMil$W1$xVenegono$y1$m3F II 570$j167165$B167165$CSeMilBibl$Z2$F182055 $81 961 $aOmaggio: Altro 996 $6020$a88-402-0316-8$9(OLS)http://semarc/number/94583 996 $6245$aIl Vangelo delle 7.18 :$bavventure di un missionario alla radio$9(OLS)http://semarc/title/163398 996 $6260$aNovara :$bDe Agostini$9(OLS)http://semarc/publisher/31220 LEADER 02289nam a2200373 i 4500 001 000000031214 003 CaOOAMICUS 005 20230302125802.0 008 180830s1730 ne u000 u fre u 040 $aSeMil$bita 100 1 $aLe Sueur, Jean.$0(OLS)http://semarc/name/14432 245 10$aHistoire de l'Eglise et de l'Empire depuis la naissance de Jesus-Christ, jusuq'à la fin du 10. siècle ... par Jean Le Sueur. Tome 1. [-8.]. 250 $aNouvelle edition, revue, corrigée, augmentée, de quantité de remarques & des autoritez qui manquoient aux précedentes, & retouchée dans le langage 260 $aA Amsterdam :$bChez Pierre Mortier,$c1730. 300 $a8 v. ;$c4°. 500 $aIniz. e fregi xilogr. 500 $aMarca calcogr. n.c. (Minerva assisa con lancia su teschio: Vivitur ingenio, cetera mortis erunt), sottoscritta B. Picart fecit 1728 500 $aTesto su due colonne 500 $aFront. stampato in rosso e nero 650 4$aChiesa - Storia.$0(OLS)http://semarc/subject/8 650 4$aChiesa - Storia - Origini.$0(OLS)http://semarc/subject/1096 700 1 $aPicart, Bernard .$0(OLS)http://semarc/name/5377 700 1 $aMortier, Pieter$b<1.,$cEditore,$d1704-1754>.$0(OLS)http://semarc/name/11777 774 0 $tTome premier, contenant l'histoire des deux premiers siecles.$g1$w()237545 774 0 $tTome second, contenant l'histoire du 3. siecle, & celle du 4. jusqu'à l'an 325.$g2$w()237547 774 0 $tTome troisieme, contenant l'histoire des 75 dernieres années du 4. siecle.$g3$w()237548 774 0 $tTome quatrieme, contenant l'histoire du 5. siecle.$g4$w()237546 774 0 $tTome cinquieme, contenant l'histoire du 6. siecle.$g5$w()237551 774 0 $tTome sixieme, contenant l'histoire du 7., & du 8. siecle.$g6$w()237550 774 0 $tTome septieme, contenant l'histoire du 9. siecle.$g7$w()237549 774 0 $tTome huitieme, contenant l'histoire du 10. siecle.$g8$w()237552 996 $6245$aHistoire de l'Eglise et de l'Empire depuis la naissance de Jesus-Christ, jusuq'à la fin du 10. siècle ... par Jean Le Sueur. Tome 1. [-8.]$9(OLS)http://semarc/title/42473 996 $6260$aA Amsterdam :$bChez Pierre Mortier$9(OLS)http://semarc/publisher/38828